Capitals of Regions - Statistics

General Stats
  • This quiz has been taken 23 times
    13 since last reset
  • The average score is 23 of 30
Answer Stats
Region Answer % Correct
Catalonia Barcelona
100%
Veneto Venice
100%
Texas Austin
90%
Scotland Edinburgh
90%
England London
90%
Lombardy Milan
90%
Bavaria Munich
90%
Rio de Janeiro Rio de Janeiro
90%
Santiago Metropolitan Santiago
90%
Hokkaido Sapporo
90%
New South Wales Sydney
90%
Florida Tallahassee
90%
Ontario Toronto
90%
Flanders Antwerp
80%
Attica Athens
80%
Alberta Edmonton
80%
Guangdong Guangzhou
80%
Victoria Melbourne
80%
Ile-de-France Paris
80%
California Sacramento
80%
South Holland The Hague
80%
Maharashtra Mumbai
60%
Hesse Frankfurt am Main
50%
Jalisco Guadalajara
50%
Gauteng Johannesburg
50%
Sindh Karachi
50%
Bashkortostan Ufa
50%
Masovia Warsaw
50%
Johor Johor Bahru
40%
Yucatan Merida
40%
No matching quizzes found
Score Distribution
Percent of People with Each Score
Percentile by Number Answered
Your Score History
You have not taken this quiz since the last reset